[Event "N�-LL 2007_08"]
[Site "?"]
[Date "2008.02.24"]
[Round "9"]
[White "Stadler, Peter"]
[Black "Kreischer, Georg"]
[Result "1/2-1/2"]
[WhiteElo "2109"]
[BlackElo "2042"]
[Annotator "Zwettl : Amstetten"]
[PlyCount "45"]
[EventDate "2007.10.10"]
[SourceDate "2008.03.03"]

1. d4 Nf6 2. Nf3 g6 3. g3 Bg7 4. Bg2 O-O 5. O-O d5 6. c4 c6 7. cxd5 cxd5 8. Nc3
Nc6 9. Ne5 Nxe5 10. dxe5 Nd7 11. Nxd5 Nxe5 12. Bg5 Nc6 13. Qb3 h6 14. Be3 e6
15. Nb4 Nd4 16. Qd3 e5 17. Rac1 a5 18. Nd5 Bd7 19. Qd2 Kh7 20. f4 Bh3 21. Bxh3
Qxd5 22. Bg2 Qb5 23. Bxd4 1/2-1/2

[Event "N�-LL 2007_08"]
[Site "?"]
[Date "2008.02.24"]
[Round "9"]
[White "Trkulja, Zoran"]
[Black "Todor, Razvan"]
[Result "0-1"]
[WhiteElo "2199"]
[BlackElo "2169"]
[Annotator "Wr.Neustadt : Bisamberg/Korneuburg"]
[PlyCount "106"]
[EventDate "2008.02.24"]
[SourceDate "2008.02.24"]

1. e4 d5 2. e5 c5 3. c3 Nc6 4. d4 cxd4 5. cxd4 Bf5 6. Nc3 e6 7. Bd3 Bxd3 8.
Qxd3 Qb6 9. Nge2 Nb4 10. Qd1 Ne7 11. O-O Nf5 12. g4 Nh4 13. Ng3 Qxd4 14. Qxd4
Nf3+ 15. Kg2 Nxd4 16. Rd1 Ndc6 17. a3 Nc2 18. Ra2 a6 19. b4 N2d4 20. f4 Be7 21.
Bb2 Rd8 22. Na4 Nb5 23. Nc5 b6 24. Nb3 Rc8 25. Raa1 Nca7 26. Rac1 Kd7 27. a4
Rxc1 28. Rxc1 Nc7 29. Bd4 Rb8 30. a5 Nc8 31. axb6 Nxb6 32. Bc5 Nc4 33. Nd4 Bxc5
34. bxc5 Rb2+ 35. Nge2 Nb5 36. Kf3 Nxd4+ 37. Nxd4 Rxh2 38. f5 Rh3+ 39. Kf4 Rd3
40. fxe6+ fxe6 41. c6+ Ke7 42. Nf3 h6 43. g5 Kd8 44. gxh6 gxh6 45. Rh1 Rxf3+
46. Kxf3 Nxe5+ 47. Ke3 Nxc6 48. Rxh6 Kd7 49. Rh8 Kd6 50. Re8 a5 51. Kd3 e5 52.
Kc3 Kc5 53. Ra8 e4 0-1

 53. Ra8 e4 0-1

[Event "N�-LL 2007_08"]
[Site "?"]
[Date "2008.02.24"]
[Round "9"]
[White "Steiner, Bruno"]
[Black "Hirsch, Andreas"]
[Result "0-1"]
[WhiteElo "2220"]
[BlackElo "2055"]
[Annotator "Wr.Neustadt : Bisamberg/Korneuburg"]
[PlyCount "94"]
[EventDate "2008.02.24"]
[SourceDate "2008.02.24"]

1. Nf3 d6 2. d4 f5 3. Nc3 Nf6 4. Bf4 g6 5. Qd2 c6 6. e3 Bg7 7. Bd3 d5 8. Ne5
Nbd7 9. O-O Nh5 10. Nxd7 Nxf4 11. exf4 Qxd7 12. Ne2 O-O 13. c3 Qd6 14. Rae1 Bd7
15. Nc1 b6 16. Re2 c5 17. dxc5 bxc5 18. Rfe1 e6 19. g3 Rfe8 20. Bb1 Bb5 21. c4
Bxc4 22. Bd3 Bd4 23. b3 Bxd3 24. Nxd3 Re7 25. Kg2 Rae8 26. Ne5 Bxe5 27. fxe5
Qc6 28. h4 c4 29. Qd4 Qb6 30. Qc3 Rc7 31. bxc4 Rxc4 32. Qd2 Qb7 33. h5 gxh5 34.
Rh1 h4 35. Rxh4 Rxh4 36. Qg5+ Qg7 37. Qxh4 Qg4 38. Qxg4+ fxg4 39. Rb2 Re7 40.
Rb4 h5 41. f3 gxf3+ 42. Kxf3 Kg7 43. g4 Rf7+ 44. Kg3 hxg4 45. Kxg4 Kg6 46. a4
Rc7 47. a5 Rc4+ 0-1

47. a5 Rc4+ 0-1

[Event "N�-LL 2007_08"]
[Site "?"]
[Date "2008.02.24"]
[Round "9"]
[White "Sadilek, Peter"]
[Black "Staberhofer, Rainer"]
[Result "0-1"]
[WhiteElo "2110"]
[BlackElo "2171"]
[Annotator "Wr.Neustadt : Bisamberg/Korneuburg"]
[PlyCount "114"]
[EventDate "2008.02.24"]
[SourceDate "2008.02.24"]

1. e4 c5 2. Nf3 Nc6 3. Nc3 g6 4. d4 cxd4 5. Nxd4 Bg7 6. Be3 Nf6 7. Bc4 Qa5 8.
O-O O-O 9. Bb3 d6 10. h3 Nxd4 11. Bxd4 Be6 12. Re1 Nd7 13. Nd5 Bxd5 14. exd5
Rfe8 15. Bxg7 Kxg7 16. Qd4+ Nf6 17. Re3 Qc5 18. Qxc5 dxc5 19. c4 Ng8 20. f4
Red8 21. Kf2 Rd6 22. g4 Rad8 23. Rae1 a6 24. Bc2 b5 25. b3 Rb8 26. R1e2 bxc4
27. bxc4 Rb4 28. Rc3 Rdb6 29. a3 Rb2 30. Be4 Nf6 31. Bf3 Ne8 32. Rce3 Rxe2+ 33.
Bxe2 Kf8 34. Kf3 Nd6 35. h4 Rb1 36. g5 Nf5 37. Re5 Rb3+ 38. Kf2 Rxa3 39. h5 Ra2
40. Ke1 f6 41. gxf6 exf6 42. Re6 Nd4 43. hxg6 Nxe6 44. gxh7 Rxe2+ 45. Kxe2
Nxf4+ 46. Kf3 Ng6 47. Ke4 a5 48. d6 a4 49. Kf5 Kg7 50. d7 Ne7+ 51. Ke6 Nc6 52.
Kd6 Nd8 53. Kxc5 a3 54. Kd6 a2 55. Kc7 Nf7 56. c5 a1=Q 57. d8=B Qa5+ 0-1

. d8=B Qa5+ 0-1

[Event "N�-LL 2007_08"]
[Site "?"]
[Date "2008.02.24"]
[Round "9"]
[White "Steiner, Adam"]
[Black "Kretschy, Erich"]
[Result "1/2-1/2"]
[WhiteElo "2151"]
[BlackElo "2005"]
[Annotator "Wr.Neustadt : Bisamberg/Korneuburg"]
[PlyCount "58"]
[EventDate "2008.02.24"]
[SourceDate "2008.02.24"]

1. e4 c6 2. d4 d5 3. e5 Bf5 4. Nf3 e6 5. a3 h6 6. Be3 Nd7 7. Nc3 a6 8. Ne2 Ne7
9. Ng3 Bh7 10. Bd3 Bxd3 11. Qxd3 g6 12. h4 Nf5 13. Ne2 Be7 14. h5 g5 15. g4
Nxe3 16. fxe3 Qc7 17. e4 O-O-O 18. exd5 exd5 19. O-O-O Kb8 20. Kb1 f6 21. Rde1
fxe5 22. dxe5 Nc5 23. Qe3 Qd7 24. Rhg1 Ne6 25. Nfd4 Bc5 26. Qc3 Ba7 27. Nxe6
Qxe6 28. Nd4 Bxd4 29. Qxd4 Rhf8 1/2-1/2

d4 Rhf8 1/2-1/2

[Event "N�-LL 2007_08"]
[Site "?"]
[Date "2008.03.09"]
[Round "10"]
[White "Trkulja, Zoran"]
[Black "Ganaus, Hannes"]
[Result "1-0"]
[WhiteElo "2199"]
[BlackElo "2340"]
[Annotator "St.P�lten : Bisamberg/Korneuburg"]
[PlyCount "77"]
[EventDate "2007.10.10"]
[SourceDate "2008.03.14"]

1. e4 c6 2. d4 d5 3. e5 Bf5 4. Nf3 e6 5. Be2 Nd7 6. O-O Ne7 7. b3 h6 8. c4 g5
9. Nc3 Bg7 10. Ne1 Qb6 11. Kh1 Rd8 12. cxd5 Nxd5 13. Nxd5 exd5 14. f4 gxf4 15.
Rxf4 Be6 16. Nd3 Qc7 17. Ba3 Bf8 18. Bxf8 Nxf8 19. Bh5 Rd7 20. Qf3 Rg8 21. Rf1
b6 22. Rf6 Re7 23. Nf4 Rg7 24. Rxh6 Qd7 25. Nxe6 Rxe6 26. Rh8 Qe7 27. Bg4 Reg6
28. Bh5 Re6 29. Bg4 Reg6 30. Bh3 Rh7 31. Rxh7 Nxh7 32. Bf5 Ng5 33. Qh5 Rg8 34.
Re1 Kd8 35. Qh6 Qf8 36. Qxc6 Ne6 37. Qxd5+ Kc7 38. Rc1+ Kb8 39. Be4 1-0

[Event "N�-LL 2007_08"]
[Site "?"]
[Date "2008.03.09"]
[Round "10"]
[White "Denk, Adolf"]
[Black "Hirsch , Andreas"]
[Result "1/2-1/2"]
[WhiteElo "2259"]
[BlackElo "2055"]
[Annotator "St.P�lten : Bisamberg/Korneuburg"]
[PlyCount "139"]
[EventDate "2007.10.10"]
[SourceDate "2008.03.14"]

1. d4 f5 2. g4 fxg4 3. Nc3 d5 4. h3 Nf6 5. Qd3 Nc6 6. Bg5 Ne4 7. Nxe4 dxe4 8.
Qxe4 Qxd4 9. Qxd4 Nxd4 10. O-O-O e5 11. hxg4 Bxg4 12. Bg2 Be7 13. Bxe7 Kxe7 14.
Bxb7 Rab8 15. Ba6 Rb6 16. Bd3 Bf5 17. c3 Bxd3 18. cxd4 Rc6+ 19. Kd2 Bg6 20. Ke3
exd4+ 21. Rxd4 Rb8 22. b3 Rc3+ 23. Kd2 Rc2+ 24. Ke3 Rxa2 25. b4 Ra3+ 26. Kd2 c5
27. bxc5 Rb2+ 28. Ke1 Rc3 29. f3 Rxc5 30. Rhh4 a5 31. Nh3 Bc2 32. Nf2 Rb1+ 33.
Kd2 a4 34. Rxa4 Bxa4 35. Rxa4 Rb2+ 36. Kd1 Rg5 37. Re4+ Kd6 38. Kc1 Ra2 39. Kb1
Rd2 40. Kc1 Ra2 41. Kb1 Ra7 42. Rh4 Rb5+ 43. Kc1 h6 44. Nd3 Ra2 45. Rd4+ Ke7
46. Re4+ Kf6 47. Rf4+ Rf5 48. Re4 g5 49. Kd1 Ra1+ 50. Kd2 h5 51. Rb4 h4 52.
Rb6+ Kg7 53. Nf2 Ra2+ 54. Kd3 Rd5+ 55. Ke4 Rd7 56. Kf5 Rxe2 57. Ne4 Rf7+ 58.
Kg4 h3 59. Rb1 h2 60. Kg3 Kg6 61. Nf2 Rh7 62. Rh1 Kf5 63. Ng4 Re8 64. Rxh2 Rxh2
65. Nxh2 Rd8 66. Ng4 Rd4 67. Ne3+ Ke6 68. Ng4 Rf4 69. Nf2 Kd5 70. Nh3 1/2-1/2

[Event "N�-LL 2007_08"]
[Site "?"]
[Date "2008.03.09"]
[Round "10"]
[White "Sadilek, Peter"]
[Black "R�hrl, Karl"]
[Result "1/2-1/2"]
[WhiteElo "2110"]
[BlackElo "2221"]
[Annotator "St.P�lten : Bisamberg/Korneuburg"]
[PlyCount "121"]
[EventDate "2007.10.10"]
[SourceDate "2008.03.14"]

1. e4 c5 2. Nf3 Nc6 3. d4 cxd4 4. Nxd4 Nf6 5. Nc3 d6 6. Bg5 e6 7. Qd2 h6 8.
Bxf6 gxf6 9. O-O-O a6 10. f4 Bd7 11. Be2 h5 12. Kb1 Be7 13. Rhf1 Qb6 14. Nb3
O-O-O 15. Rf3 h4 16. Bf1 Rhg8 17. Qe1 Rg4 18. h3 Rgg8 19. f5 Ne5 20. Rf4 Rg3
21. Rxh4 Rdg8 22. fxe6 fxe6 23. Ne2 R3g7 24. Nf4 Ng6 25. Nxg6 Rxg6 26. Rh7 R6g7
27. Rxg7 Rxg7 28. Qh4 Qd8 29. g4 f5 30. Qh6 Qg8 31. gxf5 exf5 32. Bc4 Rh7 33.
Qxd6 Bxd6 34. Bxg8 Rh6 35. exf5 Bxf5 36. Nd4 Bxh3 37. a3 Bd7 38. Bc4 Be5 39.
Nb3 Kc7 40. Re1 Bd6 41. Bd5 Rh2 42. Be6 Bc6 43. Nd4 Rh1 44. Rxh1 Bxh1 45. Ka2
Be5 46. Nb3 Be4 47. c4 Bf4 48. Nc5 Bc6 49. Bf5 Be3 50. Nd3 Bd4 51. b4 Bf3 52.
Nf4 Kd6 53. Bc8 Be5 54. Nd3 Bd4 55. Nf4 Be5 56. Nd5 Bxd5 57. cxd5 b6 58. Bb7 a5
59. b5 Bd4 60. Kb3 Bc5 61. a4 1/2-1/2

[Event "N�-LL 2007_08"]
[Site "?"]
[Date "2008.03.09"]
[Round "10"]
[White "Wallner, Erich"]
[Black "Ebner, Johann"]
[Result "0-1"]
[WhiteElo "2192"]
[BlackElo "2042"]
[Annotator "St.P�lten : Bisamberg/Korneuburg"]
[PlyCount "94"]
[EventDate "2007.10.10"]
[SourceDate "2008.03.14"]

1. d4 e6 2. Nf3 Nf6 3. Bg5 h6 4. Bf4 b6 5. Nbd2 Bb7 6. e3 Be7 7. Bg3 O-O 8. Bd3
d5 9. Ne5 c5 10. c3 Nbd7 11. O-O Ne4 12. Nxd7 Qxd7 13. Qe2 Nxd2 14. Qxd2 Bc6
15. Qe2 a6 16. Rad1 Bb5 17. dxc5 Bxd3 18. Rxd3 bxc5 19. c4 Rfd8 20. Rfd1 Qb7
21. cxd5 exd5 22. Be5 Rd7 23. Qg4 Bf8 24. Rb3 Qc6 25. Bc3 c4 26. Rb6 Qxb6 27.
Qxd7 Rd8 28. Qg4 Qe6 29. Qd4 f5 30. h3 Rd7 31. Kf1 g5 32. Qe5 Qxe5 33. Bxe5 Kf7
34. Ke2 Ke6 35. Bc3 Bc5 36. g4 Rf7 37. gxf5+ Rxf5 38. b4 Bd6 39. Rb1 Be5 40.
Bd2 c3 41. Be1 Rf7 42. Rc1 d4 43. f4 gxf4 44. exd4 Bxd4 45. Bxc3 f3+ 46. Kd3
Bxc3 47. Kxc3 Rc7+ 0-1

[Event "N�-LL 2007_08"]
[Site "Bachwirt, Ardaggerstr. 28"]
[Date "2008.03.09"]
[Round "10"]
[White "Schroll, Gerhard"]
[Black "Rumpl, Erwin"]
[Result "1/2-1/2"]
[WhiteElo "2386"]
[BlackElo "2286"]
[Annotator "Amstetten : Wr.Neustadt"]
[PlyCount "39"]
[EventDate "2008.03.09"]
[SourceDate "2008.03.09"]

1. c4 g6 2. d4 Bg7 3. Nc3 c5 4. d5 d6 5. e4 e6 6. Bd3 Ne7 7. Nge2 O-O 8. O-O a6
9. a4 Nd7 10. f4 exd5 11. exd5 Nf6 12. h3 h5 13. Be3 Bf5 14. Bf2 Qd7 15. Bxf5
Nxf5 16. Ng3 Rfe8 17. Qd3 Nxg3 18. Bxg3 Qf5 19. Qxf5 gxf5 20. Rfe1 1/2-1/2

[Event "N�-LL 2007_08"]
[Site "Bachwirt, Ardaggerstr. 28"]
[Date "2008.03.09"]
[Round "10"]
[White "Wadsack, Wolfgang"]
[Black "Steiner, Adam"]
[Result "0-1"]
[WhiteElo "2210"]
[BlackElo "2151"]
[Annotator "Amstetten : Wr.Neustadt"]
[PlyCount "72"]
[EventDate "2008.03.09"]
[SourceDate "2008.03.09"]

1. e4 c5 2. c3 d5 3. exd5 Qxd5 4. d4 Nf6 5. Nf3 Nc6 6. dxc5 Qxd1+ 7. Kxd1 e5 8.
b4 Bf5 9. Bb5 O-O-O+ 10. Bd2 Nd5 11. Ke2 Be7 12. Rd1 e4 13. Nd4 Nxd4+ 14. cxd4
Bf6 15. Be3 Bg4+ 16. f3 exf3+ 17. gxf3 Bf5 18. Rc1 Nxe3 19. Kxe3 Bxd4+ 20. Kf4
Bxa1 21. Kxf5 Rd4 22. Nc3 Bb2 23. Rc2 Rxb4 24. Ne4 g6+ 25. Kg5 h6+ 26. Kf4 f5
27. Rxb2 Rxb2 28. Nd6+ Kc7 29. Ne8+ Rxe8 30. Bxe8 Rxa2 31. Bxg6 Rxh2 32. Kxf5
Kc6 33. f4 Kxc5 34. Ke6 Re2+ 35. Kf7 Kd6 36. Kg7 Rf2 0-1

[Event "N�-LL 2007_08"]
[Site "Bachwirt, Ardaggerstr. 28"]
[Date "2008.03.09"]
[Round "10"]
[White "Todor, Razvan"]
[Black "Gugler, Edgar"]
[Result "1/2-1/2"]
[WhiteElo "2169"]
[BlackElo "2144"]
[Annotator "Amstetten : Wr.Neustadt"]
[PlyCount "36"]
[EventDate "2008.03.09"]
[SourceDate "2008.03.09"]

1. e4 c6 2. c4 d5 3. cxd5 cxd5 4. exd5 Nf6 5. Nc3 Nxd5 6. Nf3 g6 7. Qa4+ Nc6 8.
Bb5 Nb6 9. Bxc6+ bxc6 10. Qxc6+ Bd7 11. Qe4 Bg7 12. O-O O-O 13. d4 Rc8 14. Qh4
Bc6 15. Ne5 Ba8 16. Be3 Nd5 17. Nxd5 Qxd5 18. Nf3 Qf5 1/2-1/2

[Event "N�-LL 2007_08"]
[Site "Bachwirt, Ardaggerstr. 28"]
[Date "2008.03.09"]
[Round "10"]
[White "Kreischer, Georg"]
[Black "Wiedner, Robert"]
[Result "1-0"]
[WhiteElo "2042"]
[BlackElo "2141"]
[Annotator "Amstetten : Wr.Neustadt"]
[PlyCount "83"]
[EventDate "2008.03.09"]
[SourceDate "2008.03.09"]

1. e4 g6 2. d4 d6 3. c4 Bg7 4. Nc3 Nd7 5. Be3 h6 6. Qd2 c6 7. f3 a6 8. Bd3 e5
9. Nge2 Nf8 10. O-O g5 11. Rad1 Ng6 12. Bb1 Be6 13. d5 cxd5 14. exd5 Bd7 15.
Bxg6 fxg6 16. Ne4 Bf5 17. Qb4 Bxe4 18. fxe4 Nf6 19. Nc3 O-O 20. Qb6 Qd7 21. c5
Ng4 22. cxd6 Nxe3 23. Qxe3 Qxd6 24. a3 Rxf1+ 25. Rxf1 Bf6 26. Kf2 Kg7 27. Ke2
b5 28. Na2 g4 29. Qc3 a5 30. Rc1 Ra7 31. Qc6 Qb8 32. Rc5 Rb7 33. d6 Rf7 34.
Rxb5 Qa7 35. Qc5 g3 36. Qxa7 Rxa7 37. hxg3 Kf7 38. Nc3 Ke6 39. Rd5 Bd8 40. Na4
Kf6 41. Nc5 Bb6 42. Nd3 1-0

[Event "N�-LL 2007_08"]
[Site "?"]
[Date "2008.03.09"]
[Round "10"]
[White "Csonka, Attila"]
[Black "Vykydal, Frantisek"]
[Result "1-0"]
[WhiteElo "2312"]
[BlackElo "2240"]
[Annotator "Schwarzatal : Zwettl"]
[PlyCount "135"]
[EventDate "2007.10.10"]
[SourceDate "2008.03.14"]

1. e4 Nf6 2. e5 Nd5 3. d4 d6 4. c4 Nb6 5. exd6 exd6 6. Nc3 Be7 7. Bd3 Nc6 8.
Nge2 Bg4 9. Be3 O-O 10. O-O Nb4 11. b3 Nxd3 12. Qxd3 Bxe2 13. Qxe2 f5 14. Rfe1
Bf6 15. Qf3 Qd7 16. Rad1 c6 17. Ne2 Rae8 18. d5 Be5 19. Bd4 Bxd4 20. Nxd4 Rxe1+
21. Rxe1 cxd5 22. cxd5 Qf7 23. Re6 Qc7 24. h4 Qc5 25. Nxf5 Nxd5 26. Re1 Kh8 27.
Qg3 g6 28. Qxd6 Qxd6 29. Nxd6 b6 30. Re5 Nb4 31. Re7 Nxa2 32. Rxa7 Nc1 33. b4
Rf4 34. g3 Rxb4 35. h5 gxh5 36. f4 Ne2+ 37. Kf2 Nxf4 38. gxf4 Rxf4+ 39. Kg3
Rg4+ 40. Kh3 Rg6 41. Nf5 h6 42. Rb7 Rf6 43. Ng3 Kg8 44. Nxh5 Rd6 45. Kg4 Kf8
46. Kf5 Ke8 47. Ke5 Rc6 48. Nf6+ Kd8 49. Ne4 Kc8 50. Rh7 Rc7 51. Nd6+ Kd8 52.
Rxh6 Rc5+ 53. Ke6 Kc7 54. Rh7+ Kc6 55. Rh8 b5 56. Ne4 Rc4 57. Ke5 Kb6 58. Kd5
Ka5 59. Ra8+ Kb4 60. Ra1 Rc2 61. Rb1+ Ka5 62. Nc5 Kb6 63. Nb3 Rc8 64. Rg1 Rd8+
65. Ke4 b4 66. Rg6+ Kb5 67. Nd4+ Ka5 68. Nc6+ 1-0

[Event "N�-LL 2007_08"]
[Site "?"]
[Date "2008.03.09"]
[Round "10"]
[White "Wagner, Stefan"]
[Black "Weinwurm, Wolfgang"]
[Result "1-0"]
[WhiteElo "2126"]
[BlackElo "2069"]
[Annotator "Schwarzatal : Zwettl"]
[PlyCount "93"]
[EventDate "2007.10.10"]
[SourceDate "2008.03.14"]

1. e4 e5 2. Nf3 Nc6 3. Bb5 a6 4. Ba4 Nf6 5. O-O b5 6. Bb3 Bc5 7. c3 d6 8. d4
Bb6 9. a4 Bb7 10. Re1 O-O 11. Bg5 h6 12. axb5 axb5 13. Rxa8 Bxa8 14. Bh4 g5 15.
Bg3 Re8 16. d5 Ne7 17. Na3 c6 18. dxc6 Bxc6 19. Nd2 Ng6 20. Qe2 Qd7 21. Bd5 Rb8
22. Bxc6 Qxc6 23. Nxb5 h5 24. h3 h4 25. Bh2 g4 26. hxg4 Qd7 27. c4 Nxg4 28. Rf1
Kg7 29. b4 h3 30. g3 Ra8 31. Nxd6 Ra2 32. Nf5+ Kf8 33. Qxg4 Qxd2 34. c5 Ba7 35.
Qxh3 Qxb4 36. Rd1 Qa5 37. Qh6+ Ke8 38. Nd6+ Ke7 39. Qg7 Rxf2 40. Nc8+ Ke8 41.
Nd6+ Ke7 42. Nc8+ Ke8 43. Qg8+ Nf8 44. Nd6+ Ke7 45. Qg5+ Ke6 46. Qg4+ Kf6 47.
Kxf2 1-0

[Event "N�-LL 2007_08"]
[Site "?"]
[Date "2008.03.09"]
[Round "10"]
[White "Matevosyan, Andy"]
[Black "Stadler, Peter"]
[Result "1-0"]
[WhiteElo "2010"]
[BlackElo "2109"]
[Annotator "Schwarzatal : Zwettl"]
[PlyCount "73"]
[EventDate "2007.10.10"]
[SourceDate "2008.03.14"]

1. e4 c5 2. Nf3 e6 3. d3 Nc6 4. Nbd2 d6 5. g3 g6 6. Bg2 Bg7 7. O-O Nge7 8. Re1
O-O 9. c3 b6 10. Nf1 Ba6 11. Be3 Rc8 12. Qc2 Qd7 13. Rad1 Rfd8 14. h4 h6 15.
N1h2 e5 16. Qd2 Kh7 17. h5 d5 18. hxg6+ fxg6 19. exd5 Nxd5 20. Nh4 Nf6 21. Bf1
Nd4 22. cxd4 cxd4 23. Bg5 hxg5 24. Qxg5 Qf7 25. Bh3 Rc2 26. N2f3 Re8 27. Nxg6
Bh6 28. Ngxe5 Bxg5 29. Nxg5+ Kg7 30. Ngxf7 Rxb2 31. Nd6 Rf8 32. Nf5+ Kh7 33.
Nxd4 Nd5 34. Bf5+ Kh6 35. Ng4+ Kh5 36. Re5 Nb4 37. f3 1-0

[Event "N�-LL 2007_08"]
[Site "?"]
[Date "2008.03.09"]
[Round "10"]
[White "Kleiser, Gregor"]
[Black "Svanda, Pavel"]
[Result "1-0"]
[WhiteElo "2302"]
[BlackElo "2246"]
[Annotator "Waidhofen : Niederabsdorf"]
[PlyCount "123"]
[EventDate "2007.10.10"]
[SourceDate "2008.03.15"]

1. d4 Nf6 2. c4 g6 3. Nc3 d5 4. cxd5 Nxd5 5. e4 Nxc3 6. bxc3 Bg7 7. Bc4 c5 8.
Ne2 Nc6 9. Be3 O-O 10. O-O Qc7 11. Bf4 e5 12. Bg3 Na5 13. Bd3 Nc6 14. d5 Na5
15. c4 b6 16. Bh4 Nb7 17. Nc3 Nd6 18. Nb5 Nxb5 19. cxb5 Qd6 20. Qd2 a5 21. bxa6
Bxa6 22. Bxa6 Rxa6 23. Rab1 Bf6 24. Bxf6 Qxf6 25. Rb2 Rfa8 26. Rfb1 Qd6 27. f3
Kg7 28. Qf2 h5 29. a4 Rxa4 30. Rxb6 Qxb6 31. Rxb6 Ra1+ 32. Qf1 Rxf1+ 33. Kxf1
Ra2 34. Rc6 Rc2 35. h4 c4 36. Kg1 c3 37. Kh2 f5 38. Rc7+ Kf6 39. Kg3 fxe4 40.
fxe4 Rc1 41. Kf3 c2 42. Kf2 Rh1 43. Rxc2 Rxh4 44. Rc6+ Kf7 45. Ke3 Rg4 46. Re6
Rxg2 47. Rxe5 Rg3+ 48. Kf2 h4 49. d6 Rd3 50. Re7+ Kf8 51. e5 h3 52. Rh7 Kg8 53.
Ra7 Rd2+ 54. Kg1 Kf8 55. Rh7 Kg8 56. Rxh3 Rd5 57. Ra3 Rd2 58. Ra7 Kf8 59. Kf1
g5 60. Rh7 Rd5 61. d7 Kg8 62. Re7 1-0

[Event "N�-LL 2007_08"]
[Site "?"]
[Date "2008.03.09"]
[Round "10"]
[White "Piza, Vlastimil"]
[Black "Goetz, Alexander"]
[Result "1/2-1/2"]
[WhiteElo "2273"]
[BlackElo "2163"]
[Annotator "Waidhofen : Niederabsdorf"]
[PlyCount "29"]
[EventDate "2007.10.10"]
[SourceDate "2008.03.15"]

1. c4 e5 2. Nc3 Nf6 3. g3 d5 4. cxd5 Nxd5 5. Bg2 Nb6 6. d3 Nc6 7. Bxc6+ bxc6 8.
Nf3 Bd6 9. O-O O-O 10. Bd2 Bg4 11. Qc2 f5 12. Rac1 Qe8 13. Nh4 Qh5 14. Rfe1 g5
15. Ng2 1/2-1/2

[Event "N�-LL 2007_08"]
[Site "?"]
[Date "2008.03.09"]
[Round "10"]
[White "Schwarhofer, Christopher"]
[Black "Kropik, Martin"]
[Result "1-0"]
[WhiteElo "2200"]
[BlackElo "2089"]
[Annotator "Waidhofen : Niederabsdorf"]
[PlyCount "55"]
[EventDate "2007.10.10"]
[SourceDate "2008.03.15"]

1. e4 c5 2. Nf3 Nc6 3. d4 cxd4 4. Nxd4 g6 5. Nc3 Bg7 6. Be3 Nf6 7. Bc4 Qa5 8.
O-O d6 9. h3 O-O 10. Nb3 Qc7 11. f4 b6 12. Qe2 Bb7 13. Rae1 Na5 14. Nxa5 bxa5
15. Bd4 Rfc8 16. Bb3 Qc6 17. Qf2 Ba6 18. e5 Ne8 19. Bd5 Qc7 20. f5 gxf5 21. e6
Nf6 22. exf7+ Kf8 23. Bxf6 Bxf6 24. Qxf5 Bxf1 25. Qxh7 Qc5+ 26. Kh2 e5 27. Rxf1
Qe3 28. Rxf6 1-0

[Event "N�-LL 2007_08"]
[Site "?"]
[Date "2008.03.09"]
[Round "10"]
[White "Rosenauer, Harald"]
[Black "Hansen, Kay"]
[Result "0-1"]
[WhiteElo "1981"]
[BlackElo "2193"]
[Annotator "Waidhofen : Niederabsdorf"]
[PlyCount "122"]
[EventDate "2007.10.10"]
[SourceDate "2008.03.15"]

1. Nf3 d5 2. c4 e6 3. b3 Nf6 4. Bb2 Be7 5. g3 O-O 6. Bg2 b6 7. O-O Bb7 8. d3 c5
9. e3 Nc6 10. Nbd2 Qc7 11. a3 Rac8 12. Rc1 Qb8 13. Qc2 Rfd8 14. Qb1 Rd7 15.
cxd5 Rxd5 16. d4 cxd4 17. exd4 Rcd8 18. Rxc6 Bxc6 19. Ne5 Bb7 20. Bxd5 Bxd5 21.
Rc1 Rc8 22. Rxc8+ Qxc8 23. Qc1 Qb7 24. Qc2 h5 25. Ndc4 Be4 26. Qc1 g6 27. a4
Qd5 28. Nd2 Bd6 29. Nec4 Bf8 30. Ne3 Qc6 31. Qxc6 Bxc6 32. Nec4 Ne4 33. Nxe4
Bxe4 34. Kf1 Bc2 35. Nd2 Bb4 36. Ke2 Kf8 37. f3 Ke7 38. Ke3 Kd8 39. g4 a5 40.
gxh5 gxh5 41. Ne4 Bxb3 42. Nf6 h4 43. Kf4 Bxa4 44. Kg4 Be1 45. d5 Bd1 46. Bd4
Kc7 47. Be5+ Kc8 48. d6 Ba4 49. Bd4 Bc6 50. Bxb6 Bc3 51. Kg5 h3 52. f4 Bb4 53.
Ng4 a4 54. Ne5 Be8 55. Kf6 Bxd6 56. f5 exf5 57. Kxf5 Bd7+ 58. Ke4 f6 59. Nf3
Bc6+ 60. Ke3 Bxf3 61. Kxf3 a3 0-1

[Event "N�-LL 2007_08"]
[Site "?"]
[Date "2008.03.09"]
[Round "10"]
[White "Kummer, Helmut"]
[Black "Knoll, Hermann"]
[Result "0-1"]
[WhiteElo "2324"]
[BlackElo "2373"]
[Annotator "P�chlarn : Bad V�slau/Kottingbrunn"]
[PlyCount "71"]
[EventDate "2007.10.10"]
[SourceDate "2008.03.15"]

1. d4 Nf6 2. c4 g6 3. Nc3 Bg7 4. e4 d6 5. Be2 O-O 6. Bg5 Na6 7. Qd2 e5 8. d5 c6
9. f3 cxd5 10. cxd5 Bd7 11. h4 Qe8 12. Nh3 b5 13. g4 Nc5 14. b4 Na4 15. Nxa4
bxa4 16. Nf2 Qb8 17. a3 Rc8 18. O-O Qb6 19. Be3 Qd8 20. Kg2 Ne8 21. h5 f5 22.
Bg5 Bf6 23. Bxf6 Qxf6 24. hxg6 Qxg6 25. exf5 Bxf5 26. Rac1 Nf6 27. Rc6 Rd8 28.
Rh1 h5 29. Rh4 e4 30. fxe4 Nxe4 31. Nxe4 Bxe4+ 32. Kg3 Rf8 33. Rxh5 Qf7 34.
Rg5+ Kh7 35. Bd1 Kh8 36. Rc7 0-1

[Event "N�-LL 2007_08"]
[Site "?"]
[Date "2008.03.09"]
[Round "10"]
[White "Kostic, Vladimir"]
[Black "Zojer, Thomas"]
[Result "1-0"]
[WhiteElo "2347"]
[BlackElo "2114"]
[Annotator "P�chlarn : Bad V�slau/Kottingbrunn"]
[PlyCount "71"]
[EventDate "2007.10.10"]
[SourceDate "2008.03.15"]

1. Nf3 f5 2. g3 Nf6 3. c4 d6 4. Bg2 g6 5. d3 Bg7 6. Nc3 c6 7. O-O O-O 8. Bd2 e5
9. e3 h6 10. c5 Be6 11. cxd6 Qxd6 12. Qc2 Nbd7 13. Rfd1 Nh5 14. Be1 Kh7 15. b4
b5 16. Rab1 Rab8 17. a3 Nb6 18. Ne2 Rfc8 19. Rbc1 Na4 20. Nc3 Nb6 21. Qb1 Nf6
22. Nd2 Nfd5 23. Nb3 Nxc3 24. Bxc3 Na4 25. Be1 f4 26. Nc5 Nxc5 27. Rxc5 Bg4 28.
Rdc1 f3 29. Bh1 Rf8 30. Rxc6 Qd8 31. Rc7 Rc8 32. R1c5 a6 33. Qb3 Qe8 34. Qd5
Qe6 35. Qxe6 Bxe6 36. Rxc8 1-0

[Event "N�-LL 2007_08"]
[Site "?"]
[Date "2008.03.09"]
[Round "10"]
[White "Lampl, Gerald"]
[Black "Weinzettl, Ernst"]
[Result "1-0"]
[WhiteElo "2094"]
[BlackElo "2290"]
[Annotator "P�chlarn : Bad V�slau/Kottingbrunn"]
[PlyCount "61"]
[EventDate "2007.10.10"]
[SourceDate "2008.03.15"]

1. d4 Nf6 2. c4 e6 3. Nf3 Bb4+ 4. Bd2 a5 5. g3 d5 6. Bg2 Nc6 7. O-O dxc4 8. e3
Qe7 9. Qc2 e5 10. dxe5 Nxe5 11. Nxe5 Qxe5 12. Bxb4 axb4 13. Nd2 O-O 14. Nxc4
Qh5 15. Nd2 Bh3 16. Bxh3 Qxh3 17. Qxc7 Ng4 18. Nf3 Ra6 19. Rfd1 Rc6 20. Qe7 h6
21. Rac1 Rf6 22. Qxb7 Qh5 23. Kg2 Qf5 24. Rd2 Re8 25. h4 Ne5 26. Nxe5 Qxe5 27.
Qxb4 Rb8 28. Qd4 Qf5 29. b3 Qf3+ 30. Kg1 Kh7 31. Qd5 1-0

[Event "N�-LL 2007_08"]
[Site "?"]
[Date "2008.03.09"]
[Round "10"]
[White "Kranzl, Peter"]
[Black "Hofbauer, Peter"]
[Result "1-0"]
[WhiteElo "2234"]
[BlackElo "2066"]
[Annotator "P�chlarn : Bad V�slau/Kottingbrunn"]
[PlyCount "81"]
[EventDate "2007.10.10"]
[SourceDate "2008.03.15"]

1. e4 Nf6 2. e5 Nd5 3. c4 Nb6 4. c5 Nd5 5. Nc3 e6 6. d4 d6 7. cxd6 cxd6 8. Nf3
Nc6 9. Bd3 dxe5 10. dxe5 Ndb4 11. Be4 Qxd1+ 12. Nxd1 b6 13. a3 Nd5 14. Nc3 Bb7
15. Nxd5 exd5 16. Bxd5 Rd8 17. Be4 Be7 18. O-O O-O 19. Be3 Na5 20. Bxb7 Nxb7
21. b4 Rd7 22. Rfc1 Nd8 23. Rd1 Rc7 24. Nd4 Ne6 25. Nf5 Rfc8 26. Kf1 Kf8 27.
Rd3 Ke8 28. Rad1 Rb7 29. f4 g6 30. Nxe7 Kxe7 31. g4 Rd8 32. f5 Rxd3 33. Rxd3
Nc7 34. Bg5+ Kf8 35. Rd7 a6 36. Bd8 Ke8 37. Rxc7 Rb8 38. Bg5 gxf5 39. gxf5 Ra8
40. e6 fxe6 41. Rxh7 1-0